[Event "Kiel op 28th"]
[Site "Kiel"]
[Date "2015.07.31"]
[Round "9"]
[White "Schaefer, Martin2"]
[Black "Schnitzer, Peter"]
[Result "0-1"]
[WhiteElo "1978"]
[BlackElo "2178"]
[PlyCount "58"]
[EventDate "2015.07.25"]
[EventType "swiss"]
[EventRounds "9"]
[EventCountry "GER"]
[SourceTitle "CBM 167 Extra"]
[Source "ChessBase"]
[SourceDate "2015.09.14"]
[SourceVersion "1"]
[SourceVersionDate "2015.09.14"]
[SourceQuality "1"]

1. e4 d5 2. exd5 Qxd5 3. Nc3 Qd8 4. Nf3 Nf6 5. d4 a6 6. g3 b5 7. Bg2 Bb7 8. 0-0 e6 9. Ne5 Bxg2 10. Kxg2 Bd6 11. Qf3 Nbd7 12. Nxd7 Nxd7 13. Ne4 0-0 14. Nxd6 cxd6 15. h4 Qc7 16. c3 Nb6 17. Re1 Rfc8 18. Kh2 Qc6 19. Qg4 Kh8 20. h5 h6 21. Qh4 b4 22. Bxh6 Qf3 23. Be3 bxc3 24. h6 g6 25. bxc3 Nd5 26. Kg1 Rxc3 27. Qg5 Kh7 28. Bf4 Rc2 29. Rf1 f6 0-1

[Event "Pobeskydy op"]
[Site "Frydek Mistek"]
[Date "2014.04.18"]
[Round "3"]
[White "Bacak, Petr Jr"]
[Black "Schnitzer, Peter"]
[Result "1-0"]
[WhiteElo "2072"]
[BlackElo "2189"]
[PlyCount "69"]
[EventDate "2014.04.17"]
[EventType "swiss"]
[EventRounds "9"]
[EventCountry "CZE"]
[SourceTitle "CBM 159 Extra"]
[Source "ChessBase"]
[SourceDate "2014.04.24"]
[SourceVersion "1"]
[SourceVersionDate "2014.04.24"]
[SourceQuality "1"]

1. e4 c5 2. Nf3 d6 3. Bb5+ Bd7 4. Bxd7+ Qxd7 5. 0-0 Nf6 6. Qe2 Nc6 7. c3 e6 8. d4 cxd4 9. cxd4 d5 10. e5 Ne4 11. Nbd2 Nxd2 12. Bxd2 Be7 13. Rfc1 0-0 14. Rc3 Rac8 15. a3 Rc7 16. Rd3 Rfc8 17. h4 Nd8 18. Bc3 Qb5 19. h5 Nc6 20. Qd2 Na5 21. Bxa5 Rc2 22. Qe3 Qxa5 23. Rb3 b5 24. Ne1 R2c4 25. Qf4 R8c7 26. Rg3 Qb6 27. Rd1 Bf8 28. Nf3 Rc2 29. Nh2 Kh8 30. Ng4 Qb8 31. Rdd3 Qd8 32. Rdf3 Rd7 33. Nf6 Rdc7 34. Qg5 h6 35. Qxh6+ 1-0

[Event "Pobeskydy op"]
[Site "Frydek Mistek"]
[Date "2014.04.17"]
[Round "2"]
[White "Schnitzer, Peter"]
[Black "Plat, Vojtech"]
[Result "0-1"]
[WhiteElo "2189"]
[BlackElo "2456"]
[PlyCount "136"]
[EventDate "2014.04.17"]
[EventType "swiss"]
[EventRounds "9"]
[EventCountry "CZE"]
[SourceTitle "CBM 159 Extra"]
[Source "ChessBase"]
[SourceDate "2014.04.24"]
[SourceVersion "1"]
[SourceVersionDate "2014.04.24"]
[SourceQuality "1"]

1. e4 d6 2. d4 Nf6 3. Nc3 e5 4. Nge2 Nbd7 5. g3 Be7 6. Bg2 0-0 7. 0-0 c6 8. a4 a5 9. h3 Re8 10. g4 Nf8 11. Be3 Ng6 12. Qd2 h5 13. f3 Nh7 14. gxh5 Nh4 15. dxe5 Qd7 16. Nf4 dxe5 17. Qxd7 Bxd7 18. Nd3 Bg5 19. Bf2 Nf6 20. Bg3 Nxh5 21. Bh2 Ng6 22. Ne2 Be3+ 23. Kh1 Ngf4 24. Nexf4 Nxf4 25. Rad1 Nxh3 26. Bxh3 Bxh3 27. Rfe1 Bd4 28. c3 Ba7 29. Nxe5 Be6 30. Rd2 f6 31. Ng4 Rad8 32. Red1 Rxd2 33. Rxd2 Bxg4 34. fxg4 Rxe4 35. b3 Re1+ 36. Kg2 Rb1 37. Bc7 Rxb3 38. Bxa5 Bc5 39. Bc7 Rxc3 40. Rb2 Rc4 41. Kf3 Rb4 42. Ra2 Bb6 43. Bb8 Rb3+ 44. Kf4 Kf7 45. a5 g5+ 46. Ke4 Re3+ 47. Kf5 Ba7 48. Bc7 Bd4 49. Rh2 Kg7 50. Rd2 c5 51. Rd1 Rf3+ 52. Ke4 Rb3 53. Kd5 Kg6 54. Re1 Be3 55. Ke4 Bf4 56. Bxf4 Rb4+ 57. Kd5 Rxf4 58. Kxc5 Rxg4 59. Re7 Ra4 60. Kb5 Ra1 61. Rxb7 g4 62. Rd7 f5 63. a6 g3 64. a7 g2 65. Rd1 Rxa7 66. Rg1 Ra2 67. Kc4 Kg5 68. Kd3 Kg4 0-1

[Event "Prague Golden op 9th"]
[Site "Prague"]
[Date "2013.06.23"]
[Round "1"]
[White "Schnitzer, Peter"]
[Black "Cap, Adam"]
[Result "1/2-1/2"]
[WhiteElo "2185"]
[BlackElo "2025"]
[PlyCount "41"]
[EventDate "2013.06.23"]
[EventType "swiss"]
[EventRounds "9"]
[EventCountry "CZE"]
[SourceTitle "CBM 155 Extra"]
[Source "ChessBase"]
[SourceDate "2013.08.26"]
[SourceVersion "1"]
[SourceVersionDate "2013.08.26"]
[SourceQuality "1"]

1. e4 e5 2. Nf3 Nc6 3. Bb5 a6 4. Bxc6 dxc6 5. 0-0 Bg4 6. h3 Bxf3 7. Qxf3 Qf6 8. Qg3 Bd6 9. d3 Ne7 10. Nd2 Ng6 11. Nc4 h6 12. Qg4 0-0 13. Bd2 Rfe8 14. Rae1 Qe6 15. a3 Qxg4 16. hxg4 Bc5 17. Bc3 b6 18. b4 Bf8 19. d4 exd4 20. Bxd4 Rad8 21. Bc3 1/2-1/2

[Event "Norderstedt op"]
[Site "Norderstedt"]
[Date "2013.03.31"]
[Round "6"]
[White "Daug, Joern Henning"]
[Black "Schnitzer, Peter"]
[Result "1-0"]
[WhiteElo "1980"]
[BlackElo "2186"]
[PlyCount "87"]
[EventDate "2013.03.28"]
[EventType "swiss"]
[EventRounds "9"]
[EventCountry "GER"]
[SourceTitle "EXT 2015"]
[Source "ChessBase"]
[SourceDate "2014.11.20"]
[SourceVersion "1"]
[SourceVersionDate "2014.11.20"]
[SourceQuality "1"]

1. d4 e6 2. c4 b6 3. Nf3 Bb7 4. g3 f5 5. Bg2 Nf6 6. Bg5 Be7 7. Bxf6 Bxf6 8. Nc3 0-0 9. 0-0 d6 10. Ne1 Bxg2 11. Kxg2 d5 12. e3 c6 13. cxd5 exd5 14. Qb3 Kh8 15. Nd3 Qe8 16. h4 Nd7 17. Nb4 Rc8 18. Qa4 Qe6 19. Rfe1 Be7 20. Nd3 Rc7 21. Rac1 Bd6 22. Nf4 Bxf4 23. exf4 Qf7 24. Qa3 Nf6 25. Nb5 Rfc8 26. Nxc7 Rxc7 27. Qd6 c5 28. Qd8+ Ng8 29. Re5 Rd7 30. Qe8 Qxe8 31. Rxe8 c4 32. b3 b5 33. Rb8 a6 34. Rb6 g6 35. Rxa6 Rb7 36. a4 cxb3 37. a5 b4 38. Rb6 Ra7 39. a6 Ra8 40. Rb1 Ne7 41. Rxb3 Nc8 42. Re6 Rb8 43. Re8+ Kg7 44. a7 1-0

[Event "Norderstedt op"]
[Site "Norderstedt"]
[Date "2013.03.29"]
[Round "2"]
[White "Eichstaedt, Mirko"]
[Black "Schnitzer, Peter"]
[Result "0-1"]
[WhiteElo "1883"]
[BlackElo "2186"]
[PlyCount "102"]
[EventDate "2013.03.28"]
[EventType "swiss"]
[EventRounds "9"]
[EventCountry "GER"]
[SourceTitle "EXT 2015"]
[Source "ChessBase"]
[SourceDate "2014.11.20"]
[SourceVersion "1"]
[SourceVersionDate "2014.11.20"]
[SourceQuality "1"]

1. c4 b6 2. Nc3 e6 3. e4 Bb7 4. Nf3 Bb4 5. d3 Bxc3+ 6. bxc3 d6 7. Bg5 Nf6 8. g3 h6 9. Bd2 Nbd7 10. Bg2 Nc5 11. Be3 Nfd7 12. 0-0 0-0 13. Qe2 Qe7 14. Nd2 e5 15. d4 Ne6 16. d5 Nec5 17. Bh3 Rae8 18. f3 Na4 19. Qd1 Ndc5 20. Bxc5 Nxc5 21. Nb3 Na4 22. Rc1 Rd8 23. Na5 Nc5 24. Nxb7 Nxb7 25. Qa4 Na5 26. Rf2 Qg5 27. f4 exf4 28. Rxf4 Kh8 29. Bf1 Qe5 30. Qc2 Nb7 31. Bd3 Nc5 32. Rcf1 f6 33. Rf5 Qe7 34. R5f2 Rde8 35. Re2 Qd7 36. Qd2 Re5 37. Bc2 Qg4 38. Rf4 Qg6 39. Rf5 Rfe8 40. Rxe5 Rxe5 41. Qe1 Qg4 42. Re3 Qg5 43. Re2 Qg6 44. Re3 Qe8 45. Kf2 Qc8 46. Qe2 Kg8 47. Bb3 Nxe4+ 48. Rxe4 Qf5+ 49. Qf3 Qxe4 50. Qxe4 Rxe4 51. Kf3 Re1 0-1

[Event "Hamburg St Pauli op-A"]
[Site "Hamburg"]
[Date "2010.07.10"]
[Round "1"]
[White "Schnitzer, Peter"]
[Black "Hagenlueke, Thomas"]
[Result "1/2-1/2"]
[WhiteElo "2153"]
[BlackElo "1939"]
[PlyCount "103"]
[EventDate "2010.07.10"]
[EventType "swiss"]
[EventRounds "9"]
[EventCountry "GER"]
[SourceTitle "EXT 2013"]
[Source "ChessBase"]
[SourceDate "2012.11.22"]
[SourceVersion "1"]
[SourceVersionDate "2012.11.22"]
[SourceQuality "1"]

1. e4 c5 2. Nf3 Nc6 3. c3 Nf6 4. e5 Nd5 5. d4 cxd4 6. Bc4 Nb6 7. Bb3 d6 8. exd6 Qxd6 9. 0-0 Be6 10. Bxe6 Qxe6 11. Nxd4 Nxd4 12. Qxd4 Rd8 13. Qh4 g6 14. Be3 Bg7 15. Nd2 0-0 16. Rfe1 Qc6 17. Nf3 Nd5 18. Bh6 Bxh6 19. Qxh6 Qf6 20. Ng5 Qg7 21. Qxg7+ Kxg7 22. Nf3 e6 23. c4 Ne7 24. Rad1 Nc6 25. Kf1 Kf6 26. Ke2 Ne5 27. Nxe5 Kxe5 28. Ke3 Kf5 29. h3 e5 30. g4+ Ke6 31. f4 f6 32. b3 Rxd1 33. Rxd1 exf4+ 34. Kxf4 Rf7 35. Rd8 Rc7 36. Rh8 Rf7 37. Ke4 Kd6 38. b4 b6 39. Rd8+ Kc7 40. Ra8 Kb7 41. Re8 Kc6 42. a3 Kd7 43. Ra8 Kc6 44. Rg8 Re7+ 45. Kf4 Rf7 46. h4 f5 47. gxf5 Rxf5+ 48. Kg4 Rf7 49. Rc8+ Kd7 50. Ra8 Kc6 51. Rc8+ Kd7 52. Ra8 1/2-1/2

[Event "Oberliga Nord O 0910"]
[Site "Germany"]
[Date "2010.02.07"]
[Round "6.4"]
[White "Schnitzer, Peter"]
[Black "Boetzer, Detlef"]
[Result "1-0"]
[WhiteElo "2170"]
[BlackElo "2294"]
[PlyCount "49"]
[EventDate "2009.10.18"]
[EventType "team-tourn"]
[EventRounds "9"]
[EventCountry "GER"]
[SourceTitle "EXT 2011"]
[Source "ChessBase"]
[SourceDate "2010.11.26"]
[SourceVersion "1"]
[SourceVersionDate "2010.11.26"]
[SourceQuality "1"]
[WhiteTeam "Kreuzberg"]
[BlackTeam "Pankow Rotation"]
[WhiteTeamCountry "GER"]
[BlackTeamCountry "GER"]

1. e4 e6 2. d4 d5 3. Nc3 Bb4 4. e5 c5 5. a3 Bxc3+ 6. bxc3 Ne7 7. Qg4 0-0 8. Bd3 Nbc6 9. Bg5 Qa5 10. Ne2 cxd4 11. f4 b6 12. Qh5 Ng6 13. 0-0 Ba6 14. Rf3 Bxd3 15. Rxd3 h6 16. Rh3 Rfc8 17. Bxh6 gxh6 18. Qxh6 Nce7 19. Ng3 Nf5 20. Nxf5 exf5 21. e6 Rc7 22. exf7+ Kxf7 23. Qh7+ Kf6 24. Qxc7 Re8 25. Rh7 1-0

[Event "Berlin Lichtenberger op 8th"]
[Site "Berlin"]
[Date "2009.08.23"]
[Round "9"]
[White "Kachibadze, Georg"]
[Black "Schnitzer, Peter"]
[Result "1/2-1/2"]
[WhiteElo "2224"]
[BlackElo "2183"]
[PlyCount "93"]
[EventDate "2009.08.15"]
[EventType "swiss"]
[EventRounds "9"]
[EventCountry "GER"]
[SourceTitle "CBM 131 Extra"]
[Source "ChessBase"]
[SourceDate "2009.09.03"]
[SourceVersion "2"]
[SourceVersionDate "2009.09.16"]
[SourceQuality "1"]

1. e4 c5 2. Nf3 d6 3. d4 cxd4 4. Nxd4 Nf6 5. Nc3 a6 6. Be2 e5 7. Nb3 Be7 8. Be3 0-0 9. 0-0 Be6 10. Qd2 Nbd7 11. a4 Rc8 12. f3 Qc7 13. a5 Rfd8 14. Rfc1 Nc5 15. Nd5 Bxd5 16. exd5 h6 17. Nxc5 dxc5 18. c4 Ne8 19. Bd3 Rb8 20. Qf2 Bd6 21. b4 e4 22. fxe4 Bxh2+ 23. Kh1 Bg3 24. Qf5 cxb4 25. c5 Qe7 26. Rab1 Bc7 27. Rxb4 Bxa5 28. Ra4 Bc7 29. Rf1 Qh4+ 30. Qh3 Qxh3+ 31. gxh3 Be5 32. Rb4 a5 33. Ra4 Bc3 34. Rc4 Bb4 35. Bc2 Rbc8 36. Bb3 Nf6 37. d6 Nd7 38. Rxb4 axb4 39. Rxf7 Kh8 40. Bd4 Nxc5 41. Bxg7+ Kg8 42. Bd5 Rxd6 43. Rc7+ Ne6 44. Rxc8+ Kxg7 45. Rc4 Nf4 46. Rxb4 Nxd5 47. Rxb7+ 1/2-1/2

[Event "Berlin Lichtenberger op 8th"]
[Site "Berlin"]
[Date "2009.08.19"]
[Round "5"]
[White "Jabbusch, Burkhard"]
[Black "Schnitzer, Peter"]
[Result "0-1"]
[WhiteElo "2017"]
[BlackElo "2183"]
[PlyCount "64"]
[EventDate "2009.08.15"]
[EventType "swiss"]
[EventRounds "9"]
[EventCountry "GER"]
[SourceTitle "CBM 131 Extra"]
[Source "ChessBase"]
[SourceDate "2009.09.03"]
[SourceVersion "2"]
[SourceVersionDate "2009.09.16"]
[SourceQuality "1"]

1. f4 c5 2. e4 d5 3. e5 Nc6 4. Nf3 Bg4 5. c3 e6 6. Be2 f6 7. exf6 Qxf6 8. d3 Bd6 9. g3 Nge7 10. Be3 0-0 11. 0-0 Bh3 12. Rf2 d4 13. Bd2 h6 14. Na3 Rac8 15. Nc2 e5 16. Qe1 exf4 17. gxf4 Bxf4 18. Qc1 Nd5 19. Bxf4 Nxf4 20. Nce1 Rce8 21. Qd2 Nxe2+ 22. Rxe2 Ne5 23. Rf2 Ng4 24. Re2 Ne3 25. Rf2 Re6 26. cxd4 cxd4 27. Rc1 Qg6+ 28. Kh1 Ref6 29. b4 Qh5 30. Rc5 Qg4 31. Qe2 Qd7 32. a3 Qf7 0-1

[Event "Berlin Lichtenberger op 8th"]
[Site "Berlin"]
[Date "2009.08.16"]
[Round "3"]
[White "Hohn, August"]
[Black "Schnitzer, Peter"]
[Result "1/2-1/2"]
[WhiteElo "2069"]
[BlackElo "2183"]
[PlyCount "47"]
[EventDate "2009.08.15"]
[EventType "swiss"]
[EventRounds "9"]
[EventCountry "GER"]
[SourceTitle "CBM 131 Extra"]
[Source "ChessBase"]
[SourceDate "2009.09.03"]
[SourceVersion "2"]
[SourceVersionDate "2009.09.16"]
[SourceQuality "1"]

1. Nf3 b6 2. g3 Bb7 3. Bg2 f5 4. d3 Nf6 5. c4 g6 6. 0-0 Bg7 7. Nc3 0-0 8. e4 fxe4 9. Ng5 Nc6 10. Ngxe4 Nxe4 11. Bxe4 e6 12. Be3 Qc8 13. d4 Ne7 14. Qd3 Nf5 15. Rfe1 Bxe4 16. Qxe4 Nd6 17. Qd3 Qb7 18. d5 e5 19. f4 Qa6 20. Nb5 Nxb5 21. cxb5 Qa5 22. b3 Qb4 23. Rad1 Rae8 24. Qc4 1/2-1/2

[Event "BL2-Nord 0809"]
[Site "Germany"]
[Date "2008.10.05"]
[Round "1.8"]
[White "Kachibadze, Georg"]
[Black "Schnitzer, Peter"]
[Result "1/2-1/2"]
[WhiteElo "2140"]
[BlackElo "2175"]
[PlyCount "189"]
[EventDate "2008.10.05"]
[EventType "tourn"]
[EventRounds "9"]
[EventCountry "GER"]
[SourceTitle "CBM 129 Extra"]
[Source "ChessBase"]
[SourceDate "2009.05.05"]
[SourceVersion "2"]
[SourceVersionDate "2009.05.20"]
[SourceQuality "1"]
[WhiteTeam "Koenig Tegel"]
[BlackTeam "Kreuzberg II"]
[WhiteTeamCountry "GER"]
[BlackTeamCountry "GER"]

1. e4 c5 2. Nf3 d6 3. d4 cxd4 4. Nxd4 Nf6 5. Nc3 a6 6. Be2 g6 7. Be3 Bg7 8. Qd2 Nc6 9. 0-0-0 Nxd4 10. Bxd4 0-0 11. f3 b5 12. Nd5 Be6 13. Nxf6+ exf6 14. Bc3 Qc8 15. Kb1 Rd8 16. Qf4 Rb8 17. Rxd6 b4 18. Rxd8+ Qxd8 19. Rd1 Qe8 20. Bxf6 Rc8 21. Rd2 Bxa2+ 22. Kxa2 Qe6+ 23. Kb1 Bxf6 24. Rd6 Be5 25. Rxe6 Bxf4 26. Rxa6 Bxh2 27. Ra7 Rc7 28. Ra4 Bd6 29. Ra6 Be7 30. Rb6 h5 31. Bb5 g5 32. Bc6 Kg7 33. Bd5 h4 34. Ra6 Bc5 35. Kc1 Bd4 36. Ra4 Bc5 37. Kd2 Bd6 38. Kd3 Kf6 39. Ra5 Be5 40. Ra6+ Ke7 41. Rb6 Bxb2 42. Rxb4 Be5 43. Rb6 Rc3+ 44. Kd2 Rc7 45. c4 f6 46. Ra6 Rc8 47. Kd3 Bd6 48. Ra7+ Rc7 49. Ra8 Bc5 50. e5 Ra7 51. Rc8 Ra3+ 52. Kc2 Bd4 53. e6 Ra7 54. Kd3 Be5 55. Ke4 Rc7 56. Ra8 Bc3 57. Kf5 Be5 58. Rg8 Bd4 59. Rg7+ Kd6 60. Kg6 Rxg7+ 61. Kxg7 Ke7 62. Kg6 Bc5 63. Kf5 Ba3 64. f4 gxf4 65. Kxf4 Bb4 66. Kg4 Bc5 67. Kxh4 Kd6 68. Kh5 Ke7 69. Kg6 Ba3 70. Kf5 Bc5 71. Ke4 Kd6 72. Kf5 Ke7 73. Bc6 Bb4 74. Bd7 Ba3 75. Ke4 Kd6 76. Kd4 Bc5+ 77. Kc3 Kc7 78. Be8 Kb6 79. Bg6 Kc7 80. Kd3 Kd6 81. Bf7 Kc7 82. Ke4 Kd6 83. Kf5 Ke7 84. g4 Ba3 85. g5 fxg5 86. Kxg5 Bc5 87. Kf5 Bd6 88. Ke4 Kd8 89. Kd5 Kc7 90. Be8 Be7 91. Ke5 Kd8 92. Bd7 Kc7 93. Kd5 Kb6 94. Bb5 Bc5 95. Ke5 1/2-1/2